| 000 -LEADER |
| fixed length control field |
00551nam a22001937a 4500 |
| 008 - FIXED-LENGTH DATA ELEMENTS--GENERAL INFORMATION |
| fixed length control field |
131007b xxu||||| |||| 00| 0 ger d |
| 020 ## - INTERNATIONAL STANDARD BOOK NUMBER |
| International Standard Book Number |
3446134905 |
| 041 0# - LANGUAGE CODE |
| Language code of text/sound track or separate title |
ger |
| 080 ## - UNIVERSAL DECIMAL CLASSIFICATION NUMBER |
| Universal Decimal Classification number |
004.3 |
| 100 1# - Rafti |
| Rafti |
Noltemeier, Hartmut |
| 245 10 - TITLE STATEMENT |
| Title |
Informatik II |
| Statement of responsibility, etc |
Noltemeier, Hartmut |
| 260 ## - |
| -- |
Munchen |
| -- |
Wien |
| -- |
Carl Hanser Verlag |
| -- |
1984 |
| 300 ## - |
| -- |
219 f. |
| -- |
illustr. |
| -- |
24 cm |
| 500 ## - |
| -- |
Parathenie [V]-[VI] |
| 650 #0 - |
| -- |
Kompjutera |
| 650 #0 - |
| -- |
Programimi |
| 700 1# - |
| -- |
Laue, Reinhard |
| 942 ## - ADDED ENTRY ELEMENTS (KOHA) |
| Source of classification or shelving scheme |
|
| Item type |
Books |